Answers are Movie Titles #1 - Statistics

General Stats
  • This quiz has been taken 32,218 times
    25,590 since last reset
  • The average score is 10 of 20
Answer Stats
Clue Year Movie Title % Correct
"The Windy City" 2002 Chicago
89%
Monsters that live under bridges 2016 Trolls
75%
Central borough of New York City 1979 Manhattan
73%
Slugger Ruth 1995 Babe
67%
Oktoberfest locale 2005 Munich
67%
LBJ's predecessor 1991 JFK
60%
Minotaur's maze 1986 Labyrinth
60%
Jason's ship 2012 Argo
58%
"The City of Brotherly Love" 1993 Philadelphia
56%
Ethnic neighborhood often demarcated with red gates 1974 Chinatown
52%
One who lives in the hills of Scotland 1986 Highlander
51%
The name of a famous Australopithecus skeleton (or, Linus Van Pelt's sister) 2014 Lucy
47%
Nickname of Al Capone 1983 Scarface
47%
Greek titan who gave men fire 2012 Prometheus
46%
Epic hero who slayed Grendel 2007 Beowulf
43%
Graham, Locklear, and Mills collectively 1988 Heathers
38%
Sister-wife of Jupiter 2007 Juno
34%
English translation of "Übermensch" 1978 Superman
34%
Old-West boom town in Arizona 1993 Tombstone
29%
Henchmen; toadies 2015 Minions
17%
No matching quizzes found
Score Distribution
Percent of People with Each Score
Percentile by Number Answered
Your Score History
You have not taken this quiz since the last reset